000 00498nam a2200181Ia 4500
005 20260429111941.0
008 260429s9999||||xx |||||||||||||| ||und||
020 _a9789363865020
041 _aEnglish
082 _a808.06665
_bLIN
100 _aLindsell-Roberts, Sheryl
245 0 _aBusiness writing with AI /
_cSheryl Lindsell-Roberts
260 _aIndia :
_bWiley,
_c2025.
300 _axiv, 368 p.; pbk
650 _a Artificial intelligence
650 _aBusiness writing
942 _cTB
999 _c51579
_d51579